Southville International School and Colleges
Your cart is empty.
  • Cart
  • Lists
    Public lists Eva Luna New books Lux_list list_1
    Your lists Log in to create your own lists
  • Log in to your account
  • Your cookies
  • Search history
Southville International School and Colleges
  • Advanced search
  • Recent comments
  • Most popular
  • Libraries

Log in to your account

Log in with GOOGLE


If you do not have an external account, but do have a local account, you can still log in:

  1. Home
  2. MARC view: The new Robert's rules of order /
Normal view MARC view ISBD view

The new Robert's rules of order / (Record no. 311)

[ view plain ]
MARC details
000 -LEADER
fixed length control field 01096cam a2200349 a 4500
001 - CONTROL NUMBER
control field 3401241
003 - CONTROL NUMBER IDENTIFIER
control field OSt
005 - DATE AND TIME OF LATEST TRANSACTION
control field 20140310181626.0
008 - FIXED-LENGTH DATA ELEMENTS--GENERAL INFORMATION
fixed length control field 891011s1989 nyu 001 0 eng d
010 ## - LIBRARY OF CONGRESS CONTROL NUMBER
LC control number 89063586
020 ## - INTERNATIONAL STANDARD BOOK NUMBER
International Standard Book Number 0451163788
035 ## - SYSTEM CONTROL NUMBER
System control number (OCoLC)21872076
040 ## - CATALOGING SOURCE
Original cataloging agency TxF
Transcribing agency DLC
Modifying agency DLC
042 ## - AUTHENTICATION CODE
Authentication code lccopycat
050 04 - LIBRARY OF CONGRESS CALL NUMBER
Classification number JF 515
Item number .D514 1989
082 04 - DEWEY DECIMAL CLASSIFICATION NUMBER
Classification number REF 060.42
Item number D49 1989
100 1# - MAIN ENTRY--PERSONAL NAME
Personal name De Vries, Mary Ann.
245 14 - TITLE STATEMENT
Title The new Robert's rules of order /
Statement of responsibility, etc Mary A. De Vries.
260 ## - PUBLICATION, DISTRIBUTION, ETC. (IMPRINT)
Place of publication, distribution, etc New York :
Name of publisher, distributor, etc Signet,
Date of publication, distribution, etc 1989.
300 ## - PHYSICAL DESCRIPTION
Extent ix, 258 p. ;
Dimensions 18 cm.
500 ## - GENERAL NOTE
General note "A Signet book."
500 ## - GENERAL NOTE
General note Includes index.
521 ## - TARGET AUDIENCE NOTE
Target audience note
541 ## - IMMEDIATE SOURCE OF ACQUISITION NOTE
-- 1
562 ## - COPY AND VERSION IDENTIFICATION NOTE
Number of copies For circulation. 1 copy in the collection
650 #0 - SUBJECT ADDED ENTRY--TOPICAL TERM
Topical term or geographic name as entry element Parliamentary practice.
700 1# - ADDED ENTRY--PERSONAL NAME
Personal name Robert, Henry M.
Fuller form of name (Henry Martyn),
Dates associated with a name 1837-1923.
Title of a work Robert's rules of order.
740 0# - ADDED ENTRY--UNCONTROLLED RELATED/ANALYTICAL TITLE
Uncontrolled related/analytical title Rules of order.
906 ## - LOCAL DATA ELEMENT F, LDF (RLIN)
a 7
b cbc
c copycat
d 3
e opcn
f 19
g y-gencatlg
942 ## - ADDED ENTRY ELEMENTS (KOHA)
Source of classification or shelving scheme Library of Congress Classification
Koha item type
Call number prefix
Holdings
Withdrawn status Lost status Source of classification or shelving scheme Damaged status Home library Current library Shelving location Date acquired Total Checkouts Full call number Barcode Date last seen Copy number Price effective from Koha item type
    Library of Congress Classification   Luxembourg Library Luxembourg Library Reference Section 02/07/2012   JF 515 .D514 1989 2027 08/13/2013 1 10/03/2013 Books

The new Robert's rules of order /

APA

De Vries M. A., Robert H. M., . (1989). The new Robert's rules of order. New York: Signet.

Chicago

De Vries Mary Ann, Robert Henry M, . 1989. The new Robert's rules of order. New York: Signet.

Harvard

De Vries M. A., Robert H. M., . (1989). The new Robert's rules of order. New York: Signet.

MLA

De Vries Mary Ann, Robert Henry M, . The new Robert's rules of order. New York: Signet. 1989.

  • Print
  • Cite
  • Add to your cart (remove)
  • Save record
    BIBTEX Dublin Core MARCXML MARC (non-Unicode/MARC-8) MARC (Unicode/UTF-8) MARC (Unicode/UTF-8, Standard) MODS (XML) RIS
  • More searches
    Search for this title in:
    Other Libraries (WorldCat) Other Databases (Google Scholar) Online Stores (Bookfinder.com) Open Library (openlibrary.org)

Exporting to Dublin Core...

SOUTHVILLE LIBRARY

Southville International School and Colleges Library

1281 Tropical Ave. Cor. Luxembourg St., BF Homes International, Las Pinas City

Tel. No. 8256374 / 252358 Loc. 117/146

Powered by Koha